| Tag |
First Indicator |
Second Indicator |
Subfields |
| LEADER |
00000cam a2200000 i 4500 |
| 001 |
in00004638621 |
| 006 |
m o d |
| 007 |
cr cnu---unuuu |
| 008 |
180525s2018 mau ob 001 0 eng d |
| 005 |
20230110224209.9 |
| 035 |
|
|
|a (OCoLC)on1037351632
|
| 040 |
|
|
|a N$T
|b eng
|e rda
|e pn
|c N$T
|d N$T
|d OPELS
|d YDX
|d OCLCF
|d MERER
|d OCLCQ
|d OTZ
|d U3W
|d LVT
|d D6H
|d STF
|d KNOVL
|d CEF
|d S2H
|d OCLCO
|d YDXIT
|d OCLCQ
|d OCLCO
|d K6U
|
| 019 |
|
|
|a 1038059847
|
| 020 |
|
|
|a 9780081020647
|q (electronic book)
|
| 020 |
|
|
|a 0081020643
|q (electronic book)
|
| 020 |
|
|
|z 9780081020630
|
| 020 |
|
|
|z 0081020635
|
| 035 |
|
|
|a (OCoLC)1037351632
|z (OCoLC)1038059847
|
| 050 |
|
4 |
|a TN775
|b .F86 2018
|
| 072 |
|
7 |
|a TEC
|x 023000
|2 bisacsh
|
| 082 |
0 |
4 |
|a 669
|2 23
|
| 049 |
|
|
|a TXAM
|
| 245 |
0 |
0 |
|a Fundamentals of aluminium metallurgy :
|b recent advances /
|c edited by Roger Lumley.
|
| 264 |
|
1 |
|a Cambridge, MA :
|b Woodhead Publishing,
|c 2018.
|
| 300 |
|
|
|a 1 online resource
|
| 336 |
|
|
|a text
|b txt
|2 rdacontent
|
| 337 |
|
|
|a computer
|b c
|2 rdamedia
|
| 338 |
|
|
|a online resource
|b cr
|2 rdacarrier
|
| 490 |
1 |
|
|a Woodhead Publishing series in metals and surface engineering
|
| 588 |
0 |
|
|a Online resource; title from PDF title page (EBSCO, viewed May 29, 2018)
|
| 504 |
|
|
|a Includes bibliographical references and index.
|
| 650 |
|
0 |
|a Aluminum
|x Metallurgy.
|
| 650 |
|
0 |
|a Aluminum alloys.
|
| 650 |
|
6 |
|a Aluminium
|x Métallurgie.
|
| 650 |
|
6 |
|a Aluminium
|x Alliages.
|
| 650 |
|
7 |
|a aluminum alloy.
|2 aat
|
| 650 |
|
7 |
|a TECHNOLOGY & ENGINEERING
|x Metallurgy.
|2 bisacsh
|
| 650 |
|
7 |
|a Aluminum alloys.
|2 fast
|0 (OCoLC)fst00806309
|
| 650 |
|
7 |
|a Aluminum
|x Metallurgy.
|2 fast
|0 (OCoLC)fst00806289
|
| 655 |
|
7 |
|a Electronic books.
|2 local
|
| 700 |
1 |
|
|a Lumley, R. N.
|
| 710 |
2 |
|
|a Knovel (Firm)
|
| 776 |
0 |
8 |
|i Print version:
|z 0081020635
|z 9780081020630
|w (OCoLC)1011514784
|
| 830 |
|
0 |
|a Woodhead Publishing series in metals and surface engineering.
|
| 856 |
4 |
0 |
|u http://proxy.library.tamu.edu/login?url=https://app.knovel.com/hotlink/toc/id:kpFAMRA005/fundamentals-of-aluminium?kpromoter=marc
|z Connect to the full text of this electronic book
|t 0
|
| 955 |
|
|
|a Knovel ebooks
|
| 994 |
|
|
|a 92
|b TXA
|
| 999 |
f |
f |
|s a54684ca-4169-4cc2-9f93-2a7756a64e52
|i 5348425c-32bb-4e5a-abf0-b20a61f39022
|t 0
|
| 952 |
f |
f |
|a Texas A&M University
|b College Station
|c Electronic Resources
|d Available Online
|t 0
|e TN775 .F86 2018
|h Library of Congress classification
|
| 998 |
f |
f |
|a TN775 .F86 2018
|t 0
|l Available Online
|